Dobrou noc s ukolébavkou /

Hlavní autor: Taplin, Sam
Korporativní autor: Svojtka & Co. (nakladatelství)
Další autoři: Noakes, Polly, 1964-, Vyskočil, Josef
Jazyk: Čeština
Vydáno: Praha : Svojtka & Co., 2022
Vydání: První české vydání
Edice: Zvuková kniha (Svojtka & Co.)
Témata:
Fyzický popis: 12 nečíslovaných stran : barevné ilustrace ; 22 cm
Knihy
Uloženo v:
LEADER 02090cam a2200589 i 4500
001 nkc20223421121
003 CZ PrNK
005 20260514075347.0
007 ta
008 220512s2022 xr a a 000 j cze
015 |a cnb003421121 
020 |a 978-80-256-3226-0  |q (vázáno) 
035 |a (OCoLC)1354196132 
040 |a OLA001  |b cze  |d ABA001  |e rda 
041 1 |a cze  |h eng 
072 7 |a 821-93  |x Literatura pro děti a mládež (beletrie)  |2 Konspekt  |9 26 
080 |a 821-32  |2 MRF 
080 |a 821-93  |2 MRF 
080 |a (0:82-32)  |2 MRF 
080 |a (086.7)  |2 MRF 
080 |a (0.025.2)  |2 MRF 
100 1 |a Taplin, Sam  |7 xx0005687  |4 aut 
240 1 0 |a Sleepytime music book.  |l Česky 
245 1 0 |a Dobrou noc s ukolébavkou /  |c Sam Taplin ; ilustrovala Polly Noakes 
250 |a První české vydání 
264 1 |a Praha :  |b Svojtka & Co.,  |c 2022 
300 |a 12 nečíslovaných stran :  |b barevné ilustrace ;  |c 22 cm 
336 |a text  |b txt  |2 rdacontent 
336 |a statický obraz  |b sti  |2 rdacontent 
337 |a bez média  |b n  |2 rdamedia 
338 |a svazek  |b nc  |2 rdacarrier 
490 1 |a Zvuková kniha 
500 |a Z angličtiny přeložil Josef Vyskočil 
500 |a Kartonové listy s výřezy, zadní deska se zvukovým modulem na baterie 
500 |a V roce 2025 dotisk 
655 7 |a příběhy  |7 fd133204  |2 czenas 
655 7 |a knihy se zvuky  |7 fd1130738  |2 czenas 
655 7 |a leporela  |7 fd132727  |2 czenas 
655 7 |a publikace pro děti  |7 fd133156  |2 czenas 
655 9 |a stories  |2 eczenas 
655 9 |a play and sound books  |2 eczenas 
655 9 |a folding picture-books  |2 eczenas 
655 9 |a children's literature  |2 eczenas 
700 1 |a Noakes, Polly,  |d 1964-  |7 xx0277628  |4 ill 
700 1 |a Vyskočil, Josef  |7 ola2002106761  |4 trl 
710 2 |a Svojtka & Co. (nakladatelství)  |7 ko20251261577  |4 pbl 
830 0 |a Zvuková kniha (Svojtka & Co.)  |0 s 
910 2 |a BOA001  |b 2-1493.732 
990 |a BK 
995 |a 01 
991 |b 202211  |c NOV 
996 6 |b 2610919465  |c 2-1493.732  |l MZK  |r Sklad / do 1 hodiny  |n 2  |p p.v.  |w 001903568  |u 000010  |a 1  |e BOA001  |j MZK50  |s P